| 000 | 00661nam a2200229 i 4500 | ||
|---|---|---|---|
| 001 | bg | ||
| 100 | 1 | _aGRZYBOWSKI, Leon | |
| 245 | 1 | 0 |
_aGeometria wykreślna / _cLeon Grzybowski ; [Wyższa Szkoła Morska w Szczecinie]. |
| 250 | _a[Wyd. 5 popr., 2 dodr.]. | ||
| 260 |
_aSzczecin : _bWSM, _c2002. |
||
| 300 |
_a180, [2] s. : _brys., wykr. ; _c24 cm. |
||
| 650 | 9 | _aGeometria wykreślna | |
| 655 | _aPodręczniki akademickie | ||
| 710 | 0 | _aWyższa Szkoła Morska (Szczecin) | |
| 020 | _a8386494298 | ||
| 040 | _cBPK | ||
| 041 | 0 | _apol | |
| 080 | _a514.18(075.8) | ||
| 920 | _a83-86494-29-8 | ||
| 942 | _cKS | ||
| 008 | s pl f |000 0 pol | ||
| 999 |
_c44487 _d44487 |
||
| 856 |
_uhttp://koha.tu.koszalin.pl/cgi-bin/koha/opac-detail.pl?biblionumber=44487 _yKatalog online BPK |
||